000 00894nam a2200265 i 4500
001 92616
003 ES-MaACL
005 20250728095753.0
007 t|
008 050407s2003 sp ||||1| spa d
020 _a84-493-1510-7
080 _a321.728
245 0 0 _aNuevas ideas republicanas
_b: autogobierno y libertad /
_cFélix Ovejero, José Luis Martí y Roberto Gargarella (compiladores).
260 _aBarcelona :
_bPaidós Ibérica,
_c[2003]
300 _a285 p. ;
_c24 cm.
490 1 _aPaidós estado y sociedad ;
_v115
504 _aBibliografía: p. 62-73.
650 7 _aRepublicanismo
_2embne
_916854
700 0 _aOvejero Lucas, Félix.
_988001
700 1 _aMartí Màrmol, Josep Lluís.
_977226
700 1 _aGargarella, Roberto.
_955537
830 0 _aPaidós estado y sociedad ;
_v115
_9178635
852 _aES-MaACL
_jL-29051
_bR.135522
999 _c92616
_d92616